| 000 | 00495cam a22001571 4500 | ||
|---|---|---|---|
| 082 |
_a623.81 _bBAR _cL-14 P-10 |
||
| 100 | 1 |
_aBarnaby, Kenneth C. _942154 |
|
| 245 | 1 | 0 | _aBasic naval architecture. |
| 260 |
_aLondon, _aNew York, _bHutchinson's Scientific and Technical Publications _c[1949] |
||
| 300 |
_a340 p. _billus. _c24 cm. |
||
| 500 | _aErratum slip inserted. | ||
| 526 |
_a0 _b0 _c0 _d623_810000000000000_BAR |
||
| 650 | 0 |
_aMCE _9379 |
|
| 650 | 0 |
_aNaval architecture. _942155 |
|
| 942 |
_2ddc _cBK |
||
| 999 |
_c546097 _d546097 |
||